Vegetable crops (Record no. 83311)
[ view plain ]
| 000 -CABECERA | |
|---|---|
| campo de control de longitud fija | 01221cam a22003737a 4500 |
| 003 - IDENTIFICADOR DEL NÚMERO DE CONTROL | |
| campo de control | CHAP |
| 005 - FECHA Y HORA DE LA ÚLTIMA TRANSACCIÓN | |
| campo de control | 20220329142428.0 |
| 008 - DATOS DE LONGITUD FIJA--INFORMACIÓN GENERAL | |
| campo de control de longitud fija | 010123d2000 us a r 00110 eng d |
| 010 ## - NÚMERO DE CONTROL DE LA BIBLIOTECA DEL CONGRESO | |
| Número de control de LC | 83311 |
| 011 ## - ENLACE DEL NUMERO DE CONTROL DE LA BIBLIOTECA DEL CONGRESO [OBSOLETO] | |
| Número de control de LC | 84283 |
| 020 ## - NÚMERO INTERNACIONAL ESTÁNDAR DEL LIBRO | |
| Número Internacional Estándar del Libro | 0139569960 |
| 035 ## - NÚMERO DE CONTROL DEL SISTEMA | |
| Número de control de sistema | 94802 |
| 040 ## - FUENTE DE LA CATALOGACIÓN | |
| Centro/agencia transcriptor | CHAP |
| 082 04 - NÚMERO DE LA CLASIFICACIÓN DECIMAL DEWEY | |
| Número de clasificación | 635 |
| Número de documento/Ítem | D42 |
| 100 00 - ENTRADA PRINCIPAL--NOMBRE DE PERSONA | |
| Nombre de persona | Decoteau, Dennis R. |
| 9 (RLIN) | 31484 |
| 245 10 - MENCIÓN DE TÍTULO | |
| Título | Vegetable crops |
| Mención de responsabilidad, etc. | /by Dennis R. Decoteau |
| 260 ## - PUBLICACIÓN, DISTRIBUCIÓN, ETC. | |
| Lugar de publicación, distribución, etc. | New Jersey : |
| Nombre del editor, distribuidor, etc. | Prentice-Hall, |
| Fecha de publicación, distribución, etc. | c.2000. |
| 300 ## - DESCRIPCIÓN FÍSICA | |
| Extensión | 464 p. : |
| Otras características físicas | ilus. ; gráfs. |
| 590 ## - NOTA LOCAL (RLIN) | |
| Nota local | BATCH-UPD |
| Procedencia (VM) [OBSOLETO] | 10 |
| Condición del los carretes individuales (VM) [OBSOLETO] | 20130110 |
| -- | UCH01 |
| -- | 1751 |
| 590 ## - NOTA LOCAL (RLIN) | |
| Nota local | BATCH-UPD |
| Procedencia (VM) [OBSOLETO] | 10 |
| Condición del los carretes individuales (VM) [OBSOLETO] | 20130410 |
| -- | UCH01 |
| -- | 1129 |
| 590 ## - NOTA LOCAL (RLIN) | |
| Nota local | BATCH-UPD |
| Procedencia (VM) [OBSOLETO] | 10 |
| Condición del los carretes individuales (VM) [OBSOLETO] | 20130914 |
| -- | UCH01 |
| -- | 1624 |
| 590 ## - NOTA LOCAL (RLIN) | |
| Nota local | CONVERSION |
| Procedencia (VM) [OBSOLETO] | 10 |
| Condición del los carretes individuales (VM) [OBSOLETO] | 20130109 |
| -- | UCH01 |
| -- | 1346 |
| 650 14 - PUNTO DE ACCESO ADICIONAL DE MATERIA--TÉRMINO DE MATERIA | |
| Término de materia o nombre geográfico como elemento de entrada | Horticultura. |
| 9 (RLIN) | 56291 |
| 650 14 - PUNTO DE ACCESO ADICIONAL DE MATERIA--TÉRMINO DE MATERIA | |
| Término de materia o nombre geográfico como elemento de entrada | Legumbres. |
| 9 (RLIN) | 65680 |
| 650 14 - PUNTO DE ACCESO ADICIONAL DE MATERIA--TÉRMINO DE MATERIA | |
| Término de materia o nombre geográfico como elemento de entrada | Legumbres |
| Subdivisión general | Análisis. |
| 9 (RLIN) | 65683 |
| 650 14 - PUNTO DE ACCESO ADICIONAL DE MATERIA--TÉRMINO DE MATERIA | |
| Término de materia o nombre geográfico como elemento de entrada | Legumbres |
| Subdivisión general | Enfermedades. |
| 9 (RLIN) | 65709 |
| 650 14 - PUNTO DE ACCESO ADICIONAL DE MATERIA--TÉRMINO DE MATERIA | |
| Término de materia o nombre geográfico como elemento de entrada | Legumbres |
| Subdivisión general | Mercadeo. |
| 9 (RLIN) | 65740 |
| 650 14 - PUNTO DE ACCESO ADICIONAL DE MATERIA--TÉRMINO DE MATERIA | |
| Término de materia o nombre geográfico como elemento de entrada | Legumbres |
| Subdivisión general | Valor nutritivo. |
| 9 (RLIN) | 65794 |
| 901 ## - ELEMENTOS DE DATOS A LOCAL LDA (RLIN) | |
| a | BK |
| 905 ## - ELEMENTOS DE DATOS E LOCAL, LDE (RLIN) | |
| a | Patricia Mendoza P. |
| 942 ## - ELEMENTOS DE PUNTO DE ACCESO ADICIONAL (KOHA) | |
| Tipo de ítem Koha | Libro |
| 949 ## - PROCESAMIENTO DE INFORMACIÓN LOCAL (OCLC) | |
| a | 635 D42 |
| b | BC |
| c | LIBRO |
| d | 33724000812889 |
| e | LIBRO |
| g | 208882 |
| h | 98900 |
| i | 94802 |
| s | i |
| t | $864.00 |
| 949 ## - PROCESAMIENTO DE INFORMACIÓN LOCAL (OCLC) | |
| a | 635 D42 |
| b | BC |
| c | LIBRO |
| d | 33724002324058 |
| e | LIBRO |
| f | c.2 |
| g | fotocopia |
| h | 116217 |
| i | 94802 |
| s | b |
| Estado de retiro | Estado de pérdida | Fuente del sistema de clasificación o colocación | Estado dañado | Restricciones de uso | No para préstamo | Código de colección | Localización permanente | Ubicación/localización actual | Ubicación en estantería | Fecha de adquisición | Fuente de adquisición | Información codificada de la localización en otra ubicación | Total de préstamos | Signatura topográfica completa | Código de barras | Fecha visto por última vez | Precio válido a partir de | Tipo de ítem Koha | Número de copia |
|---|---|---|---|---|---|---|---|---|---|---|---|---|---|---|---|---|---|---|---|
| Dewey Decimal Classification | Préstamo 15 días | General | Biblioteca Central | Biblioteca Central | Planta principal - Colección General | 31/12/2019 | 208882 | LIBRO | 635 D42 | 33724000812889 | 31/12/2019 | 31/12/2019 | Libro | ||||||
| Dewey Decimal Classification | Préstamo 15 días | General | Biblioteca Central | Biblioteca Central | Planta principal - Colección General | 31/12/2019 | fotocopia | LIBRO | 635 D42 | 33724002324058 | 31/12/2019 | 31/12/2019 | Libro | c.2 |
